00357nam a22001337a 4500003000400000008004100004020001800045100003500063245005800098250000800156260002900164300000800193650002200201OSt200610b ||||| |||| 00| 0 eng d a9788180613449 aLalita D Hiremath DA Hiremath  aEssentials Of Community Medicine A Practical Approach a2nd aNew DelhibJoy Peec2012 a456 aClinical Pharmacy